[Event "Berlin Unicorn op"]
[Site "Berlin"]
[Date "2007.05.20"]
[Round "7"]
[White "Nagel, Gerhard"]
[Black "Tong, Lukas Fabian Chuan"]
[Result "1-0"]
[WhiteElo "1980"]
[BlackElo "1712"]
[PlyCount "69"]
[EventDate "2007.05.16"]
[EventType "swiss"]
[EventRounds "7"]
[EventCountry "GER"]
[SourceTitle "CBM 118 Extra"]
[Source "ChessBase"]
[SourceDate "2007.07.04"]
[SourceVersion "1"]
[SourceVersionDate "2007.07.04"]
[SourceQuality "1"]

1. e4 c5 2. Nf3 d6 3. c3 Nf6 4. Bc4 Bd7 5. Qb3 e6 6. Qxb7 Nc6 7. d3 Na5 8. Qa6 Nxc4 9. Qxc4 Rb8 10. a4 Qa5 11. Qa2 Bc6 12. 0-0 Be7 13. c4 0-0 14. Bd2 Qb6 15. Bc3 Rfd8 16. Nbd2 d5 17. Be5 dxe4 18. Nxe4 Bxe4 19. dxe4 Rb7 20. Rfe1 Qc6 21. Qb1 Rdd7 22. Qc2 Rb4 23. b3 Qb7 24. Rab1 Qc6 25. Bc3 Rb8 26. Ne5 Qc7 27. Nxd7 Qxd7 28. h3 Qc7 29. Qb2 Rd8 30. Qe2 Qc6 31. f3 Qd6 32. Red1 Qg3 33. Rxd8+ Bxd8 34. Qf2 Qd6 35. e5 1-0

[Event "Berlin Unicorn op"]
[Site "Berlin"]
[Date "2007.05.19"]
[Round "5"]
[White "Tong, Lukas Fabian Chuan"]
[Black "Mattsson, Michael"]
[Result "0-1"]
[WhiteElo "1712"]
[BlackElo "2010"]
[PlyCount "74"]
[EventDate "2007.05.16"]
[EventType "swiss"]
[EventRounds "7"]
[EventCountry "GER"]
[SourceTitle "CBM 118 Extra"]
[Source "ChessBase"]
[SourceDate "2007.07.04"]
[SourceVersion "1"]
[SourceVersionDate "2007.07.04"]
[SourceQuality "1"]

1. d4 f5 2. c4 d6 3. Nc3 Nf6 4. Nf3 g6 5. b3 Bg7 6. Bb2 0-0 7. e3 Qe8 8. Be2 Nh5 9. 0-0 Na6 10. Qd2 e5 11. dxe5 dxe5 12. Rfd1 c6 13. Ba3 Rf7 14. Qd8 Bd7 15. Qxe8+ Bxe8 16. Ng5 Rd7 17. Rxd7 Bxd7 18. Bxh5 gxh5 19. Rd1 Be8 20. Na4 b6 21. Nc3 Bf6 22. Nh3 Kf7 23. Ne2 h4 24. f3 c5 25. Bb2 Nb4 26. a3 Nc6 27. Nf2 Bg5 28. f4 Bf6 29. Nd3 e4 30. Bxf6 exd3 31. Nc3 Kg6 32. Nd5 Kf7 33. Rxd3 Rd8 34. Rc3 Ne7 35. Nc7 Bc6 36. a4 Rd2 37. h3 Rxg2+ 0-1

[Event "Berlin Unicorn op"]
[Site "Berlin"]
[Date "2007.05.17"]
[Round "2"]
[White "Bruening, Wolfgang"]
[Black "Tong, Lukas Fabian Chuan"]
[Result "1-0"]
[WhiteElo "2016"]
[BlackElo "1712"]
[PlyCount "31"]
[EventDate "2007.05.16"]
[EventType "swiss"]
[EventRounds "7"]
[EventCountry "GER"]
[SourceTitle "CBM 118 Extra"]
[Source "ChessBase"]
[SourceDate "2007.07.04"]
[SourceVersion "1"]
[SourceVersionDate "2007.07.04"]
[SourceQuality "1"]

1. c4 Nf6 2. Nc3 e6 3. e4 d5 4. e5 Nfd7 5. d4 dxc4 6. Bxc4 Nb6 7. Bb3 Bb4 8. Nf3 c5 9. 0-0 0-0 10. Bg5 Qd7 11. Ne4 cxd4 12. Nxd4 h6 13. Bxh6 Be7 14. Qg4 g6 15. Bxe6 Qe8 16. Qxg6+ 1-0

[Event "Berlin Lichtenberger op 6th"]
[Site "Berlin"]
[Date "2007.??.??"]
[Round "?"]
[White "Tong, Lukas Fabian Chuan"]
[Black "Ruehrmund, Daniel"]
[Result "1/2-1/2"]
[WhiteElo "1710"]
[BlackElo "1816"]
[PlyCount "49"]
[EventDate "2007.08.18"]
[EventType "swiss"]
[EventRounds "9"]
[EventCountry "GER"]
[SourceTitle "CBM 120 Extra"]
[Source "ChessBase"]
[SourceDate "2007.11.01"]
[SourceVersion "1"]
[SourceVersionDate "2007.11.01"]
[SourceQuality "1"]

1. d4 Nf6 2. c4 c5 3. d5 e6 4. Nc3 exd5 5. cxd5 d6 6. e4 g6 7. Nf3 Bg4 8. h3 Bxf3 9. Qxf3 Bg7 10. Bb5+ Nfd7 11. Qg3 0-0 12. 0-0 a6 13. Bxd7 Nxd7 14. Re1 Re8 15. Bf4 Ne5 16. Rad1 b5 17. Bd2 b4 18. Na4 Qa5 19. b3 c4 20. a3 c3 21. axb4 Qxb4 22. Bxc3 Qb8 23. Bd4 Qb4 24. Bc3 Qb8 25. Bd4 1/2-1/2

[Event "Berlin op 01"]
[Site "Berlin"]
[Date "2006.02.03"]
[Round "8"]
[White "Tscheuschner, Georg"]
[Black "Tong, Lukas Fabian Chuan"]
[Result "0-1"]
[WhiteElo "1277"]
[BlackElo "1247"]
[PlyCount "106"]
[EventDate "2006.01.29"]
[EventType "swiss"]
[EventRounds "9"]
[EventCountry "GER"]
[SourceTitle "EXT 2007"]
[Source "ChessBase"]
[SourceDate "2006.11.23"]
[SourceVersion "1"]
[SourceVersionDate "2006.11.23"]
[SourceQuality "1"]

1. d4 Nf6 2. Nf3 g6 3. e3 Bg7 4. c4 0-0 5. Be2 d6 6. 0-0 c5 7. Nc3 Nbd7 8. b3 b6 9. Bb2 Bb7 10. d5 Ng4 11. Qc2 Nge5 12. Nxe5 Nxe5 13. f4 Nd7 14. e4 Re8 15. Nd1 Qc7 16. Bxg7 Kxg7 17. Bf3 Kg8 18. Nf2 e5 19. Qc3 exf4 20. Ng4 h5 21. Nf6+ Nxf6 22. Qxf6 Qe7 23. Qxf4 Qe5 24. Qxe5 Rxe5 25. Rae1 Rae8 26. Kf2 Bc8 27. Re2 Kg7 28. Rfe1 Bg4 29. Bxg4 hxg4 30. Kg3 f5 31. Kf4 Kf6 32. Kg3 Rxe4 33. Rxe4 Rxe4 34. Rxe4 fxe4 35. Kf4 e3 36. Kxe3 Ke5 37. h3 gxh3 38. gxh3 Kf5 39. Kf3 Kg5 40. Kg3 Kh5 41. a3 a6 42. b4 Kg5 43. bxc5 bxc5 44. Kg2 Kh4 45. Kh2 g5 46. Kg2 g4 47. hxg4 Kxg4 48. Kf2 Kf4 49. Ke2 Ke4 50. a4 a5 51. Kf2 Kd4 52. Kf3 Kxc4 53. Kf4 Kd4 0-1